[Event "Roncana op-C 5th"]
[Site "Santa Eulalia de Roncana"]
[Date "2011.11.26"]
[Round "8"]
[White "Perez Gonzalez, Antoni"]
[Black "Velasco Falguera, Oriol"]
[Result "0-1"]
[WhiteElo "1700"]
[BlackElo "1743"]
[PlyCount "33"]
[EventDate "2011.10.01"]
[EventType "swiss"]
[EventRounds "8"]
[EventCountry "ESP"]
[SourceTitle "EXT 2013"]
[Source "ChessBase"]
[SourceDate "2012.11.22"]
[SourceVersion "1"]
[SourceVersionDate "2012.11.22"]
[SourceQuality "1"]

1. e4 e5 2. Nc3 Nc6 3. Bb5 Nf6 4. Nf3 d6 5. 0-0 Be7 6. d3 0-0 7. Bg5 Bg4 8. h3 Be6 9. Re1 a6 10. Ba4 Qd7 11. Qd2 Kh8 12. Bh6 Rg8 13. Bxg7+ Rxg7 14. Qh6 Bf8 15. Qxf6 Qe7 16. Qxe7 Bxe7 17. Re3 0-1

[Event "Roncana op-C 5th"]
[Site "Santa Eulalia de Roncana"]
[Date "2011.10.15"]
[Round "3"]
[White "Perez Gonzalez, Antoni"]
[Black "Fernandez Herrera, Aleix"]
[Result "0-1"]
[WhiteElo "1700"]
[BlackElo "1700"]
[PlyCount "110"]
[EventDate "2011.10.01"]
[EventType "swiss"]
[EventRounds "8"]
[EventCountry "ESP"]
[SourceTitle "EXT 2013"]
[Source "ChessBase"]
[SourceDate "2012.11.22"]
[SourceVersion "1"]
[SourceVersionDate "2012.11.22"]
[SourceQuality "1"]

1. e4 e5 2. Nc3 Nc6 3. Nf3 Bb4 4. Bc4 Nf6 5. d3 0-0 6. 0-0 d6 7. Bg5 Bg4 8. h3 Bd7 9. a3 Bxc3 10. bxc3 Na5 11. Bd5 Qe7 12. c4 c6 13. Qd2 cxd5 14. Qxa5 Qd8 15. Qc3 d4 16. Qd2 Nxe4 17. dxe4 f6 18. Bh4 g5 19. Bg3 g4 20. hxg4 Bxg4 21. Nh2 Bh5 22. f3 Qb6 23. Bf2 Qb2 24. Qd3 Be8 25. Rab1 Qc3 26. Qd1 Qxa3 27. Ra1 Qc3 28. Qe2 Rc8 29. Be1 d3 30. Qxd3 Qxa1 31. Bd2 Qd4+ 32. Be3 Qb2 33. Bd2 Qb6+ 34. Be3 Qc6 35. Bh6 Qxc4 36. Qxc4+ Rxc4 37. Rf2 Rf7 38. f4 Ra4 39. Rf3 Ra1+ 40. Nf1 Rc7 41. Kh2 Bh5 42. Rh3 Rxf1 43. Rxh5 Kf7 44. fxe5 dxe5 45. Be3 Rxc2 46. Rxh7+ Kg6 47. Rh6+ Kg7 48. Rh3 Re2 49. Bh6+ Kg6 50. Rh4 f5 51. exf5+ Rxf5 52. Kh3 Rh5 53. Bd2 Re1 54. Bc3 Re3+ 55. Kg4 Rg5# 0-1

[Event "Roncana op-C 5th"]
[Site "Santa Eulalia de Roncana"]
[Date "2011.10.08"]
[Round "2"]
[White "Coll Bernabe, Ferran"]
[Black "Perez Gonzalez, Antoni"]
[Result "1-0"]
[WhiteElo "1705"]
[BlackElo "1700"]
[PlyCount "67"]
[EventDate "2011.10.01"]
[EventType "swiss"]
[EventRounds "8"]
[EventCountry "ESP"]
[SourceTitle "EXT 2013"]
[Source "ChessBase"]
[SourceDate "2012.11.22"]
[SourceVersion "1"]
[SourceVersionDate "2012.11.22"]
[SourceQuality "1"]

1. e4 e5 2. Nf3 Nc6 3. Bc4 Nf6 4. 0-0 Bb4 5. h3 0-0 6. d3 h6 7. Bg5 Re8 8. Nbd2 Be7 9. Bb3 d6 10. Nc4 Be6 11. Bxf6 Bxf6 12. d4 Qe7 13. d5 Bxd5 14. exd5 Nd8 15. Ba4 Rf8 16. Bb5 c6 17. dxc6 bxc6 18. Nxd6 cxb5 19. Nxb5 e4 20. Nfd4 Ne6 21. Nxe6 fxe6 22. Qg4 Qb4 23. Qxe6+ Rf7 24. Nd6 Raf8 25. Rae1 Qc5 26. Nxf7 Rxf7 27. Qxe4 Re7 28. Qa8+ Kf7 29. Rxe7+ Kxe7 30. Re1+ Kf7 31. Qb7+ Kg6 32. b4 Qc3 33. Qe4+ Kf7 34. Qe8# 1-0